| 000 | 00928cam a22002651i 4500 | ||
|---|---|---|---|
| 003 | SA-RiAUC | ||
| 005 | 20251103124634.0 | ||
| 008 | 251006s1976 ua g 000 0 ara c | ||
| 040 |
_aJO-AmJU _bara _cSA-RiAUC _erda |
||
| 043 | _af-ua--- | ||
| 082 | 0 | 4 | _a346.62 |
| 090 |
_a346.62 _bق ا ن |
||
| 245 | 0 | 2 |
_aالقانون المدني / _cإشراف مصطفى كامل منيب. |
| 250 | _aالطبعة الثانية. | ||
| 264 | 1 |
_aالقاهرة : _bدار الفكر العربي، _c1976 |
|
| 300 |
_a222 صفحة.؛ _c22 سم. |
||
| 336 |
_aنص _btxt _2rdacontent _3كتاب |
||
| 337 |
_aبدون وسيط _bn _2rdamedia |
||
| 338 |
_aمجلد _bnc _2rdacarrier |
||
| 490 | 0 | _aمجموعة القوانين المصرية | |
| 650 | 7 |
_aالقانون المدني _zمصر _2aucsh |
|
| 700 | 1 |
_aمنيب، مصطفى كامل _eمشرف. |
|
| 942 |
_2ddc _cBOOK _n0 |
||
| 949 |
_aSA-JeALM _d251006 _umohamedma123 _n1 |
||
| 999 |
_c12975 _d12975 |
||